000 00930cab a2200205 4500
001 ABS68649
008 050124n2004 000 0 eng u
035 _a(Sirsi) u128589
100 _aSydenham, A.
245 _aTenancy Regulatory Reform Order - succession tenancies, part I
260 _c2004
490 _aEMIS Property Service
_v2(11) November 2004, 10-11(2)
520 _aDEFRA has produced a consultation document on changes to the Agricultural Holdings Act 1986 and the Agricultural Tenancies Act 1995. The proposals are based on the recommendations made by the Tenancy Reform Industry Group. Discusses two of the proposals concerned with succession tenancies under the Agricultural Holdings Act 1986.
590 _aABS
650 _aAGRICULTURAL HOLDINGS ACT 1986
650 _aAGRICULTURAL TENANCIES ACT 1995
650 _aTENANCY REFORM
690 _aLANDLORD AND TENANT-AGRICULTURAL TENANCIES
942 _n0
999 _c74744
_d74744